[Event "94th ch-GBR"]
[Site "Great Yarmouth ENG"]
[Date "2007.08.07"]
[Round "8"]
[White "Ciuksyte,D"]
[Black "Williams,Si1"]
[Result "0-1"]
[WhiteElo "2426"]
[BlackElo "2480"]
[EventDate "2007.07.30"]

1. e4 c5 2. Nf3 d6 3. d4 cxd4 4. Nxd4 Nf6 5. Nc3 g6 6. Be3 a6 7. Qd2 b5 8.
f3 Bb7 9. O-O-O Nbd7 10. g4 Ne5 11. g5 Nfd7 12. f4 Nc4 13. Bxc4 bxc4 14.
Nf3 Qa5 15. Bd4 Rg8 16. Rhf1 e6 17. f5 O-O-O 18. f6 d5 19. exd5 exd5 20.
Rfe1 Bd6 21. Ne5 Rgf8 22. Kb1 Qc7 23. Nxd7 Rxd7 24. h4 Bg3 25. Re2 Bc6 26.
Bc5 d4 27. Ne4 c3 28. bxc3 dxc3 29. Qc1 Rxd1 0-1

[Event "94th ch-GBR"]
[Site "Great Yarmouth ENG"]
[Date "2007.08.07"]
[Round "8"]
[White "Poobalasingam,P"]
[Black "Rendle,T"]
[Result "0-1"]
[WhiteElo "2133"]
[BlackElo "2416"]
[EventDate "2007.07.30"]

1. d4 f5 2. Nf3 Nf6 3. g3 g6 4. Bg2 Bg7 5. O-O O-O 6. b3 Ne4 7. Bb2 b6 8.
c4 Bb7 9. Nfd2 e6 10. Nxe4 fxe4 11. Qc2 d5 12. Na3 Nc6 13. Rad1 Qe7 14. Nb1
Rad8 15. cxd5 exd5 16. Ba3 Nb4 17. Bxb4 Qxb4 18. Qxc7 Ba6 19. Qc3 Qxc3 20.
Nxc3 Rd6 21. Bh3 Rfd8 22. Rd2 Bh6 23. Rc2 Rc6 24. Re1 Bc8 25. Bf1 e3 26.
fxe3 Bf5 27. e4 Be3+ 28. Kh1 Bxe4+ 29. Bg2 Bxg2+ 30. Kxg2 Bxd4 31. Rec1
Rdc8 32. Nxd5 Rxc2 0-1

[Event "94th ch-GBR"]
[Site "Great Yarmouth ENG"]
[Date "2007.08.07"]
[Round "8"]
[White "Briscoe,C"]
[Black "Buckley,G"]
[Result "1-0"]
[WhiteElo "2224"]
[BlackElo "2379"]
[EventDate "2007.07.30"]

1. e4 c5 2. Nf3 e6 3. d4 cxd4 4. Nxd4 Nf6 5. Nc3 d6 6. Be2 Be7 7. O-O O-O
8. f4 Nc6 9. Be3 e5 10. fxe5 dxe5 11. Nf5 Bxf5 12. Rxf5 Qa5 13. Bd3 Bc5 14.
Bxc5 Qxc5+ 15. Kh1 Rad8 16. Rxf6 gxf6 17. Qg4+ Kh8 18. Qh4 Rg8 19. Nd5 Rg7
20. Rf1 Rd6 21. Nxf6 Qe3 22. g3 Nd4 23. Qh3 Re6 24. Bc4 Rxf6 25. Rxf6 Nf3
26. Qf1 Nxh2 27. Rxf7 Qxe4+ 28. Kxh2 Rxf7 29. Qxf7 Qxc2+ 30. Kh3 Qg6 31.
Qf8+ 1-0

[Event "94th ch-GBR"]
[Site "Great Yarmouth ENG"]
[Date "2007.08.07"]
[Round "8"]
[White "Knott,S"]
[Black "Storey,Ch"]
[Result "0-1"]
[WhiteElo "2374"]
[BlackElo "2218"]
[EventDate "2007.07.30"]

1. Nf3 g6 2. d4 Bg7 3. e4 d6 4. c4 e5 5. Be2 Nc6 6. Bg5 f6 7. Be3 Nh6 8. h3
O-O 9. d5 Ne7 10. Qc1 Nf7 11. Nc3 c5 12. g4 Bd7 13. Rg1 a6 14. a4 Kh8 15.
Ra3 Ng8 16. h4 f5 17. g5 Ne7 18. Nh2 Qa5 19. Bd2 Qb6 20. f3 Qd8 21. Kd1 Qc7
22. Kc2 Nd8 23. Be3 b6 24. Qd2 Nb7 25. Rga1 Na5 26. Qe1 Rab8 27. Nf1 Rb7
28. b3 Nc8 29. Nd2 Na7 30. Qh1 Be8 31. Bd3 f4 32. Bf2 Bd7 33. Bf1 Qc8 34.
Be1 Rf7 35. Nd1 Bf8 36. Nf2 Be7 37. Bh3 Bxh3 38. Nxh3 Bd8 39. Nb1 Rb8 40.
Bxa5 bxa5 41. Nf2 Rfb7 42. Nd2 Qd7 43. Ng4 Qe8 44. Qh3 Nc8 45. Nh6 Nb6 46.
Kd1 Rg7 47. Ke2 Qd7 48. Rh1 Rb7 49. Raa1 Qxh3 50. Rxh3 Nc8 51. Rg1 Rbd7 52.
Kd3 Ne7 53. Nf1 Ng8 54. Nxg8 Rxg8 55. Nh2 Be7 56. Kc2 Rb7 57. h5 Rgb8 58.
Rb1 Bxg5 59. hxg6 h6 60. Ng4 Kg7 61. Rh2 Kxg6 62. Nxh6 Bxh6 63. Rg1+ Bg5
64. Rhg2 Rxb3 65. Rxg5+ Kh6 66. Rg6+ Kh7 67. Rg7+ Kh8 68. Rg8+ Rxg8 69.
Rh1+ Kg7 70. Kxb3 Rb8+ 71. Kc3 Rb4 72. Ra1 Kf6 73. Rh1 Kg6 74. Rg1+ Kf7 75.
Ra1 Kf8 76. Ra2 Rb1 77. Rh2 Rf1 78. Rh3 Kg7 79. Kb2 Rf2+ 80. Kc3 Ra2 81.
Kb3 Rg2 82. Rh1 Rg3 83. Rf1 Kg6 84. Kc2 Kg5 85. Kd2 Rg2+ 86. Kd3 Kh4 87.
Rh1+ Kg3 88. Rh6 Kxf3 89. Rxd6 Re2 90. Rh6 Re3+ 91. Kc2 Rxe4 92. Rh3+ Ke2
93. Rh2+ Ke3 94. Rd2 Rxc4+ 95. Kd1 Rxa4 96. Re2+ Kf3 97. Rc2 e4 98. d6 e3
99. Kc1 Rd4 100. d7 Rxd7 0-1

[Event "94th ch-GBR"]
[Site "Great Yarmouth ENG"]
[Date "2007.08.07"]
[Round "8"]
[White "Bonafont,P"]
[Black "Rudd,J"]
[Result "0-1"]
[WhiteElo "2098"]
[BlackElo "2370"]
[EventDate "2007.07.30"]

1. d4 Nf6 2. Nf3 e6 3. c4 c5 4. d5 b5 5. Bg5 exd5 6. cxd5 h6 7. Bxf6 Qxf6
8. Qc2 d6 9. e4 a6 10. a4 b4 11. Nbd2 Bg4 12. e5 dxe5 13. Ne4 Qf4 14. Nfd2
h5 15. Bd3 Nd7 16. Nc4 Rh6 17. f3 f5 18. g3 Qxf3 19. Rf1 fxe4 20. Rxf3 exf3
21. Bg6+ Kd8 22. O-O-O f2 23. Rf1 Rxg6 24. Qxg6 Be2 25. Ne3 Bxf1 26. Nxf1
c4 27. Qf7 Bc5 28. d6 Bxd6 29. Qd5 Rb8 30. Qxd6 Rb6 31. Qd5 c3 32. bxc3
bxc3 33. Qd3 Rb2 34. Qxc3 Re2 35. Qa5+ Ke7 36. Qxa6 Re1+ 37. Kd2 Nc5 38.
Qc4 Ne4+ 39. Kc2 Nd6 40. Qh4+ Ke6 41. Qxh5 Rxf1 42. Qg6+ Ke7 43. Qg5+ Kf7
44. Qh5+ Kg8 45. Qf3 Ra1 0-1

[Event "94th ch-GBR"]
[Site "Great Yarmouth ENG"]
[Date "2007.08.07"]
[Round "8"]
[White "Sowray,P"]
[Black "Fowler,S"]
[Result "1/2-1/2"]
[WhiteElo "2352"]
[BlackElo "2204"]
[EventDate "2007.07.30"]

1. e4 e6 2. d4 d5 3. e5 b6 4. c3 Qd7 5. a4 a5 6. Bb5 c6 7. Bd3 Ba6 8. Nf3
h6 9. h4 g6 10. Bf4 Ne7 11. Na3 Bxd3 12. Qxd3 Qb7 13. Nc2 Qa6 14. Qd2 Nd7
15. Ne3 Bg7 16. Ng4 Nf5 17. b3 c5 18. Ne3 Nxe3 19. Qxe3 b5 20. O-O bxa4 21.
Rxa4 Nb6 22. Ra3 Bf8 23. dxc5 Rc8 24. b4 Nc4 25. Qe2 Qb7 26. Ra4 Be7 27. g3
g5 28. hxg5 hxg5 29. Bxg5 d4 30. b5 d3 31. Qxd3 Nxe5 32. c6 Nxf3+ 33. Qxf3
Qxb5 34. Bxe7 Qxa4 35. Bf6 Rh6 36. c7 Qd7 37. Bg5 Rg6 38. Bd8 Qd5 39. Qf4
Kf8 40. Qh4 Kg7 41. Qd4+ Qxd4 42. cxd4 Kf8 43. Kg2 Ke8 44. Ra1 Rg4 45. f4
Kd7 46. Rxa5 Rg8 47. Kf3 f5 48. Ra6 Rf8 49. Ke3 Rg8 50. Kf3 Rf8 51. Ke3 Rg8
52. d5 exd5 53. Kd4 Rxg3 54. Kxd5 Rxc7 55. Bxc7 Kxc7 56. Ke5 Kd7 57. Kf6
Rf3 58. Ra7+ Ke8 59. Ra8+ Kd7 60. Kxf5 Ke7 61. Ra7+ Kf8 62. Ke5 Rb3 63. Ra6
Kf7 64. Rf6+ Ke7 65. Rc6 Kf7 66. Rc7+ Kf8 67. Rd7 Rb6 68. f5 Ra6 69. Rd5
Kf7 70. Rb5 Rc6 71. f6 Rc1 72. Rb7+ Kf8 73. Rb8+ Kf7 1/2-1/2

[Event "94th ch-GBR"]
[Site "Great Yarmouth ENG"]
[Date "2007.08.07"]
[Round "8"]
[White "Anderton,M"]
[Black "Lalic,S"]
[Result "1-0"]
[WhiteElo "2229"]
[BlackElo "2350"]
[EventDate "2007.07.30"]

1. e4 c6 2. d4 d5 3. exd5 cxd5 4. c4 Nf6 5. Nc3 Nc6 6. Nf3 Bg4 7. cxd5 Nxd5
8. Qb3 Bxf3 9. gxf3 Nb6 10. d5 Nd4 11. Bb5+ Nxb5 12. Nxb5 a6 13. Nc3 e6 14.
dxe6 fxe6 15. O-O Kf7 16. Re1 Nd5 17. Rxe6 Kxe6 18. Bf4 g5 19. Re1+ Kf7 20.
Nxd5 gxf4 21. Nxf4+ Kg7 22. Nh5+ Kh6 23. Qe6+ Kxh5 24. Qg4+ Kh6 25. Re6+
1-0

[Event "94th ch-GBR"]
[Site "Great Yarmouth ENG"]
[Date "2007.08.07"]
[Round "8"]
[White "Lewis,An"]
[Black "Barrett,S"]
[Result "1-0"]
[WhiteElo "2284"]
[BlackElo "2219"]
[EventDate "2007.07.30"]

1. Nf3 Nf6 2. c4 g6 3. Nc3 Bg7 4. e4 d6 5. d4 O-O 6. Be2 Bg4 7. Be3 Nfd7 8.
h3 Bxf3 9. Bxf3 Nc6 10. Ne2 Na5 11. Rc1 c5 12. b3 a6 13. d5 b5 14. Ng3 bxc4
15. bxc4 Rb8 16. Bd2 Rb2 17. Rc2 Rb4 18. Be2 Qb6 19. O-O Rb8 20. Kh2 Nb7
21. f4 a5 22. Bd3 a4 23. Qe1 Rb2 24. Qc1 a3 25. Ne2 Qa6 26. Nc3 Nd8 27. Nb5
Qa4 28. Rf2 R8xb5 29. cxb5 Nb6 30. Be1 Qd4 31. Rcd2 c4 32. Bb1 Qc5 33. Rxb2
axb2 34. Qc2 c3 35. a4 Nc4 36. Re2 Na3 37. Qd1 Nb7 38. Bc2 Na5 39. e5 Qc4
40. Bg3 b1=Q 41. Bxb1 Nxb1 42. exd6 Bf6 43. dxe7 Bxe7 44. Rxe7 c2 45. Qe1
c1=Q 46. Re8+ Kg7 47. Qe5+ Kh6 48. Rg8 1-0

[Event "94th ch-GBR"]
[Site "Great Yarmouth ENG"]
[Date "2007.08.07"]
[Round "8"]
[White "Mason,D"]
[Black "Makepeace,P"]
[Result "1-0"]
[WhiteElo "2251"]
[BlackElo "1978"]
[EventDate "2007.07.30"]

1. e4 c6 2. d4 d5 3. Nd2 dxe4 4. Nxe4 h6 5. Bd3 e6 6. Nf3 Nf6 7. Qe2 Nxe4
8. Qxe4 Nd7 9. O-O Nf6 10. Qe2 Qc7 11. Ne5 Bd6 12. Bf4 b6 13. Bg3 Bb7 14.
c4 Nd7 15. f4 Nf8 16. f5 O-O-O 17. fxe6 fxe6 18. Nf7 Bxg3 19. hxg3 Rg8 20.
Nxd8 Qxd8 21. Qe5 c5 22. d5 exd5 23. Rf7 g6 24. cxd5 Nd7 25. Qd6 Qc7 26.
Qxc7+ Kxc7 27. Bb5 Rd8 28. d6+ Kc8 29. Re1 1-0

[Event "94th ch-GBR"]
[Site "Great Yarmouth ENG"]
[Date "2007.08.07"]
[Round "8"]
[White "Hodgson,Jo"]
[Black "White,Mi"]
[Result "1/2-1/2"]
[WhiteElo "2227"]
[BlackElo "2246"]
[EventDate "2007.07.30"]

1. e4 c5 2. Nf3 Nc6 3. c3 Nf6 4. e5 Nd5 5. d4 cxd4 6. cxd4 d6 7. Bc4 Nb6 8.
Bb5 Bd7 9. Nc3 d5 10. O-O Rc8 11. Re1 a6 12. Be2 Bg4 13. Ng5 Bxe2 14. Rxe2
e6 15. Nf3 Be7 16. g3 O-O 17. h4 Qd7 18. Bg5 Bb4 19. Rc1 Ne7 20. Rec2 Nc4
21. Ne2 h6 22. Bxe7 Bxe7 23. Kg2 Rc6 1/2-1/2

[Event "94th ch-GBR"]
[Site "Great Yarmouth ENG"]
[Date "2007.08.07"]
[Round "8"]
[White "Eggleston,D"]
[Black "Roberson,P"]
[Result "1-0"]
[WhiteElo "2330"]
[BlackElo "2209"]
[EventDate "2007.07.30"]

1. e4 c6 2. d4 d5 3. Nd2 dxe4 4. Nxe4 Bf5 5. Ng3 Bg6 6. h4 h6 7. h5 Bh7 8.
Nf3 Nd7 9. Bd3 Bxd3 10. Qxd3 Qc7 11. Bd2 Ngf6 12. O-O-O e6 13. Ne4 O-O-O
14. g3 Nxe4 15. Qxe4 Bd6 16. c4 c5 17. Qe2 cxd4 18. Nxd4 a6 19. Bc3 Be7 20.
Nb3 Bf6 21. Ba5 b6 22. Bb4 Qc6 23. f4 a5 24. Ba3 a4 25. Nd2 Nc5 26. Kb1 Rd7
27. Bxc5 bxc5 28. Nf3 Rhd8 29. Rxd7 Rxd7 30. Re1 Qb7 31. Ne5 Rd6 32. Qf2
Rd4 33. Qe2 Rd6 34. Qe3 Qb4 35. a3 Qb6 36. Qe2 Qb7 37. Qc2 Qb3 38. Nxf7 Rb6
39. Re2 Qxg3 40. Nd6+ Kb8 41. Nb5 Qf3 42. Qxa4 Qd3+ 43. Ka2 Bd8 44. Re1 Qd7
45. Rd1 Qe7 46. Rd3 Rc6 47. Na7 1-0

[Event "94th ch-GBR"]
[Site "Great Yarmouth ENG"]
[Date "2007.08.07"]
[Round "8"]
[White "Spence,D"]
[Black "Walker,Mart"]
[Result "1/2-1/2"]
[WhiteElo "2183"]
[BlackElo "2262"]
[EventDate "2007.07.30"]

1. e4 e5 2. Nf3 Nc6 3. Bb5 a6 4. Ba4 Nf6 5. Qe2 Be7 6. d3 b5 7. Bb3 O-O 8.
c3 d6 9. O-O Na5 10. Bc2 c5 11. Rd1 Qc7 12. Nbd2 Bb7 13. Nf1 Rfe8 14. a3
Rac8 15. Bg5 d5 16. Ne3 d4 17. Nf5 g6 18. Nxe7+ Qxe7 19. cxd4 cxd4 20. b4
Nc6 21. Bb3 Kg7 22. Rdc1 h6 23. Bxf6+ Qxf6 24. Rc5 Nb8 25. Rac1 Nd7 26.
Rxc8 Rxc8 27. Rxc8 Bxc8 28. Qc2 Bb7 29. Qc7 Qc6 30. Qxc6 Bxc6 31. Nd2
1/2-1/2

[Event "94th ch-GBR"]
[Site "Great Yarmouth ENG"]
[Date "2007.08.07"]
[Round "8"]
[White "Hall,Dan"]
[Black "Posazhennikov,A"]
[Result "0-1"]
[WhiteElo "2113"]
[BlackElo "2247"]
[EventDate "2007.07.30"]

1. e4 c6 2. d4 d5 3. exd5 cxd5 4. Bd3 Nc6 5. c3 Nf6 6. Bf4 Bg4 7. Qb3 Na5
8. Qa4+ Bd7 9. Qc2 Qb6 10. a4 e6 11. Nd2 Rc8 12. Ngf3 Nc4 13. Ra2 Bd6 14.
Bxd6 Qxd6 15. O-O O-O 16. Re1 a6 17. Ne5 b5 18. Ndf3 Qc7 19. Ng5 g6 20.
Bxc4 dxc4 21. axb5 axb5 22. Re3 Ra8 23. Ra3 Bc6 24. Rh3 Qb7 25. f3 Rxa3 26.
bxa3 Ra8 27. Qc1 Be8 28. Qf4 Qe7 29. Qh4 Qxa3 30. Ne4 Qc1+ 31. Kf2 Ra2+ 32.
Kg3 Qe1+ 33. Kf4 Qc1+ 34. Kg3 Nh5+ 0-1

[Event "94th ch-GBR"]
[Site "Great Yarmouth ENG"]
[Date "2007.08.07"]
[Round "8"]
[White "Jain,A2"]
[Black "James,R"]
[Result "0-1"]
[WhiteElo "2002"]
[BlackElo "2238"]
[EventDate "2007.07.30"]

1. e4 e5 2. Nf3 Nc6 3. Bb5 Nf6 4. O-O Nxe4 5. d4 Nd6 6. Bxc6 dxc6 7. dxe5
Nf5 8. Qxd8+ Kxd8 9. Nc3 Ne7 10. Re1 h6 11. Ne4 Ng6 12. b3 Bg4 13. Bb2 Bxf3
14. gxf3 Nf4 15. Rad1+ Kc8 16. Bc1 Ne6 17. f4 g6 18. Rd3 Be7 19. Red1 Rd8
20. Rxd8+ Bxd8 21. Ng3 h5 22. f5 gxf5 23. Nxf5 a5 24. Rd3 c5 25. a4 Ra6 26.
Be3 c4 27. Rd5 cxb3 28. cxb3 Nf8 29. f4 Rg6+ 30. Kf2 b6 31. Nd4 c6 32. Rd6
Rxd6 33. exd6 Kd7 34. Nf5 Ke6 35. Ng7+ Kxd6 36. Nxh5 b5 37. Ng3 Kd5 38. Ne2
b4 39. f5 Ke4 40. Nd4 Kd5 41. Kf3 Nd7 42. Ke2 Nc5 43. Nf3 Nxb3 44. Bg5 Bxg5
45. Nxg5 Nd4+ 46. Kd3 Nxf5 47. Nxf7 c5 48. Nd8 c4+ 49. Kc2 Nd4+ 50. Kb1 c3
51. Nb7 b3 52. Nxa5 b2 53. h4 Nf3 54. h5 Nd2+ 0-1

[Event "94th ch-GBR"]
[Site "Great Yarmouth ENG"]
[Date "2007.08.07"]
[Round "8"]
[White "Adams,D"]
[Black "Hanley,Ja"]
[Result "0-1"]
[WhiteElo "2234"]
[BlackElo "2213"]
[EventDate "2007.07.30"]

1. e4 c5 2. c3 d5 3. exd5 Qxd5 4. d4 Nc6 5. Nf3 e6 6. Na3 Nf6 7. Nb5 Qd8 8.
dxc5 Bxc5 9. Qxd8+ Kxd8 10. b4 Bb6 11. Nd6 Ke7 12. Nc4 Ne4 13. Nxb6 axb6
14. Bb2 Rd8 15. Bc4 g5 16. O-O g4 17. Rfe1 f5 18. Nd4 Ne5 19. Bf1 Rg8 20.
h3 gxh3 21. f3 hxg2 22. Bxg2 Nd3 23. fxe4 Nxe1 24. Rxe1 Rxa2 25. Re2 fxe4
26. Kf2 e5 27. Nb3 Bg4 28. Rd2 Bf5 29. Nc1 Raa8 30. b5 Ke6 31. Re2 Rg4 32.
Re3 Rag8 33. Bf1 Rf4+ 34. Ke2 Rg1 35. Bh3 Bxh3 36. Rxh3 Rg2+ 37. Ke3 Rxb2
38. Rh6+ Kd5 39. c4+ Kxc4 40. Nd3 exd3 41. Rh2 Re2+ 0-1

[Event "94th ch-GBR"]
[Site "Great Yarmouth ENG"]
[Date "2007.08.07"]
[Round "8"]
[White "Kwiatkowski,F"]
[Black "Smith,G"]
[Result "1-0"]
[WhiteElo "2255"]
[BlackElo "2129"]
[EventDate "2007.07.30"]

1. e4 e5 2. Nf3 Nc6 3. Bb5 a6 4. Ba4 Nf6 5. O-O Be7 6. Re1 d6 7. c3 Bg4 8.
d3 O-O 9. Nbd2 Nd7 10. h3 Bh5 11. Nf1 Nc5 12. Bc2 Ne6 13. Ng3 Bg6 14. d4
Ng5 15. Nh2 d5 16. h4 Ne6 17. h5 Bxe4 18. Nxe4 exd4 19. Ng3 dxc3 20. Qd3
1-0

[Event "94th ch-GBR"]
[Site "Great Yarmouth ENG"]
[Date "2007.08.07"]
[Round "8"]
[White "Van Kemenade,R"]
[Black "Anderson,J"]
[Result "0-1"]
[WhiteElo "2032"]
[BlackElo "2207"]
[EventDate "2007.07.30"]

1. d4 Nf6 2. c4 g6 3. Nc3 d5 4. Bg5 Ne4 5. Bh4 Nxc3 6. bxc3 dxc4 7. e3 Be6
8. Nf3 Bg7 9. Qb1 O-O 10. Be2 Nd7 11. O-O Nb6 12. Nd2 c5 13. a4 cxd4 14.
cxd4 c3 15. Ne4 Bf5 16. Bd3 Bxe4 17. Bxe4 Qd7 18. Qb5 Qg4 19. Bxb7 Rab8 20.
Bxe7 Rxb7 21. Bxf8 Bxf8 22. a5 Qd7 23. Rfb1 c2 24. Rb3 Qxb5 25. Rxb5 Ba3
26. axb6 Rxb6 27. Rxb6 axb6 28. Rxa3 c1=Q+ 0-1

[Event "94th ch-GBR"]
[Site "Great Yarmouth ENG"]
[Date "2007.08.07"]
[Round "8"]
[White "White,E"]
[Black "Lyell,M"]
[Result "0-1"]
[WhiteElo "1969"]
[BlackElo "2187"]
[EventDate "2007.07.30"]

1. e4 e5 2. Nf3 Nc6 3. Bb5 f5 4. exf5 e4 5. Qe2 Qe7 6. Bxc6 bxc6 7. Nd4 Qe5
8. Nb3 Bd6 9. d3 exd3 10. Qxe5+ Bxe5 11. cxd3 d6 12. g4 g6 13. d4 Bg7 14.
fxg6 hxg6 15. f3 a5 16. Be3 a4 17. Nc1 c5 18. Nc3 a3 19. Rb1 cxd4 20. Nb5
Rb8 21. Bxd4 Bxd4 22. Nxd4 Rxb2 23. Ra1 Rhxh2 24. Rxh2 Rxh2 25. Nb5 Kd7 26.
Nxa3 Bb7 27. f4 Nf6 28. Rb1 Bd5 29. Rb5 Rh1+ 30. Kd2 Ne4+ 31. Kc2 Rh2+ 32.
Kd3 Rh3+ 33. Kc2 Nc5 34. Ra5 Be4+ 35. Kd2 Rh2+ 36. Ke3 Rh3+ 37. Kd2 Bd5 38.
Nb5 Rh2+ 39. Ne2 Bf3 40. Nbd4 Bxg4 41. Ra7 Bxe2 42. Nxe2 d5 43. Ke3 Rh3+
44. Kd2 d4 45. Ra5 Kd6 46. Ra8 Ne4+ 47. Kc1 d3 48. Rd8+ Kc5 49. Nd4 Kc4 50.
Nc6 Kc3 0-1

[Event "94th ch-GBR"]
[Site "Great Yarmouth ENG"]
[Date "2007.08.07"]
[Round "8"]
[White "Griffiths,R"]
[Black "Tippleston,C"]
[Result "1-0"]
[WhiteElo "2046"]
[BlackElo "2178"]
[EventDate "2007.07.30"]

1. e4 c5 2. Nf3 Nc6 3. d4 cxd4 4. Nxd4 Nf6 5. Nc3 e5 6. Ndb5 d6 7. Nd5 Nxd5
8. exd5 Nb8 9. c4 Be7 10. Bd3 O-O 11. O-O a6 12. Nc3 f5 13. f3 Nd7 14. Be3
Bg5 15. Bf2 Kh8 16. b4 b6 17. Qb3 Qe8 18. a4 Rb8 19. Qa3 Qh5 20. a5 bxa5
21. Qxa5 Bd8 22. Qa4 Rf6 23. c5 Rh6 24. h3 Rg6 25. Kh1 Qg5 26. Rg1 Nf6 27.
Bxa6 Bd7 28. c6 Be8 29. Bf1 Rh6 30. b5 Qd2 31. Qa7 Rc8 32. Qb7 Rc7 33. Qb8
Qxf2 34. Qxd8 Rf7 35. c7 Rxh3+ 36. gxh3 Qxf3+ 37. Bg2 Qxc3 38. c8=Q 1-0

[Event "94th ch-GBR"]
[Site "Great Yarmouth ENG"]
[Date "2007.08.07"]
[Round "8"]
[White "Foord,D"]
[Black "McEwan,K"]
[Result "0-1"]
[WhiteElo "1950"]
[BlackElo "2170"]
[EventDate "2007.07.30"]

1. e4 c5 2. Nc3 e6 3. f4 Nc6 4. Nf3 d6 5. Bc4 a6 6. a4 Nge7 7. O-O g6 8.
Qe1 Bg7 9. d3 O-O 10. f5 gxf5 11. Qg3 d5 12. exd5 Nxd5 13. Bxd5 exd5 14.
Bh6 Qf6 15. Bg5 f4 16. Bxf4 Nd4 17. Nh4 Qc6 18. Rae1 Bf5 19. Bd6 Bg6 20.
Bxf8 Rxf8 21. Nxg6 hxg6 22. Kh1 b5 23. axb5 axb5 24. Qg5 Nf5 25. Nd1 d4 26.
Qg4 Bh6 27. Qe4 Qd7 28. Rf3 Ne3 29. Nxe3 Bxe3 30. Ref1 Re8 31. Qh4 f5 32.
Rh3 Qg7 33. Rxf5 gxf5 34. Rg3 Bg5 35. Rxg5 Re1+ 36. Qxe1 Qxg5 37. Qg3 Qxg3
38. hxg3 Kg7 39. b3 Kg6 40. Kg1 Kg5 41. Kf1 Kg4 42. Kf2 b4 43. Kf1 Kxg3 44.
Kg1 f4 45. Kf1 f3 46. gxf3 Kxf3 47. Ke1 Ke3 48. Kd1 Kf2 49. Kd2 Kf1 0-1

[Event "94th ch-GBR"]
[Site "Great Yarmouth ENG"]
[Date "2007.08.07"]
[Round "8"]
[White "Zhou,Y"]
[Black "Stokes,I"]
[Result "0-1"]
[WhiteElo "2069"]
[BlackElo "2055"]
[EventDate "2007.07.30"]

1. e4 c5 2. Nf3 d6 3. Bc4 Nf6 4. d3 e6 5. O-O Nc6 6. Re1 Be7 7. Bb3 O-O 8.
c3 b6 9. Nbd2 Bb7 10. Bc2 Re8 11. Nf1 g6 12. d4 cxd4 13. cxd4 e5 14. d5 Nb8
15. b4 a5 16. Rb1 axb4 17. Ba4 Nfd7 18. Bd2 Na6 19. Bxb4 Nxb4 20. Rxb4 f5
21. exf5 gxf5 22. Bxd7 Qxd7 23. Qb3 Bd8 24. Rd1 Ra5 25. Ne3 f4 26. Nc4 Rxd5
27. Nxb6 Bxb6 28. Rxb6 Qf7 29. Rb1 Ba8 30. Ng5 Qg6 31. Rb5 Qxg5 32. Rxd5
Kg7 33. f3 Bxd5 34. Qxd5 Qf6 35. a4 Re7 36. a5 Qe6 37. Qxe6 Rxe6 38. Rb6 e4
39. a6 exf3 0-1

[Event "94th ch-GBR"]
[Site "Great Yarmouth ENG"]
[Date "2007.08.07"]
[Round "8"]
[White "Armstrong,M"]
[Black "De Coverly,R"]
[Result "1-0"]
[WhiteElo "2126"]
[BlackElo "2086"]
[EventDate "2007.07.30"]

1. d4 Nf6 2. Nf3 d6 3. Nc3 Nbd7 4. e4 e5 5. Bc4 Be7 6. O-O O-O 7. Bg5 c6 8.
Bb3 exd4 9. Nxd4 Nc5 10. Re1 Nxb3 11. axb3 c5 12. Nf5 Bxf5 13. exf5 Qd7 14.
Qd3 b6 15. Rad1 Rfe8 16. Re2 h6 17. Bh4 Rad8 18. Qf3 Nh7 19. Bg3 Ng5 20.
Qd5 Bf6 21. Rde1 Rxe2 22. Rxe2 Bxc3 23. bxc3 Re8 24. Rxe8+ Qxe8 25. Kf1 Qe4
26. Qd3 d5 27. h4 Qxd3+ 28. cxd3 Nh7 29. Bb8 Nf6 30. Ke2 Kf8 31. f3 Ke7 32.
g4 Kd8 33. Ke3 a5 34. c4 d4+ 35. Kf2 Kd7 36. Be5 Ne8 37. Bf4 Kc6 38. Bd2
Nc7 39. f6 g5 40. hxg5 hxg5 41. Bxg5 b5 42. Bd2 b4 43. g5 Kd7 44. Kg3 Na8
45. Kf4 Kd6 46. Ke4 Nb6 47. f4 Kd7 48. f5 Ke8 49. g6 Kf8 50. Bh6+ Kg8 51.
Bc1 a4 52. bxa4 Nxa4 53. Kd5 b3 54. Kc6 b2 55. Bxb2 Nxb2 56. Kxc5 fxg6 57.
fxg6 Nxd3+ 58. Kxd4 Nf4 59. c5 Nxg6 60. c6 Nf4 61. Ke5 Nd3+ 62. Kd6 1-0

[Event "94th ch-GBR"]
[Site "Great Yarmouth ENG"]
[Date "2007.08.07"]
[Round "8"]
[White "Wilson,A"]
[Black "Grigoryan Lyell,M"]
[Result "0-1"]
[WhiteElo "2066"]
[BlackElo "2048"]
[EventDate "2007.07.30"]

1. f4 e5 2. d3 exf4 3. Bxf4 d5 4. Nf3 Bd6 5. Qd2 c6 6. Nc3 Bg4 7. Bxd6 Qxd6
8. e4 Qe7 9. Be2 Nf6 10. exd5 cxd5 11. O-O Nc6 12. Qf4 O-O 13. Rae1 Bxf3
14. Bxf3 Qc5+ 15. Kh1 Nd4 16. Re5 Rad8 17. Be4 Nc6 18. Rg5 Qd4 19. Qxf6
Qxf6 20. Rxf6 dxe4 21. Nxe4 Rfe8 22. Rf1 Kh8 23. h3 f6 24. Rgf5 b6 25. g4
h6 26. R5f2 Re5 27. h4 Ne7 28. Kg2 h5 29. gxh5 Rxh5 30. Rh1 Rd4 31. Re2 Nd5
32. Kf3 f5 33. Ng5 Rf4+ 34. Kg2 Rg4+ 35. Kf3 Rf4+ 36. Kg2 Rg4+ 37. Kf3
Rgxg5 38. hxg5 Rxh1 39. Kg2 Nf4+ 0-1

[Event "94th ch-GBR"]
[Site "Great Yarmouth ENG"]
[Date "2007.08.08"]
[Round "9"]
[White "Haslinger,S"]
[Black "Gordon,S"]
[Result "1/2-1/2"]
[WhiteElo "2468"]
[BlackElo "2487"]
[EventDate "2007.07.30"]

1. e4 c5 2. Nf3 d6 3. d4 cxd4 4. Nxd4 Nf6 5. Nc3 a6 6. Be3 e5 7. Nf3 Be7 8.
Bc4 O-O 9. O-O Nc6 10. a3 Be6 11. Ba2 Rc8 12. Bg5 Nd7 13. Bxe7 Qxe7 14. Nd5
Qd8 15. Re1 Na5 16. Qd3 Nb6 17. Nd2 Nc6 18. c3 Bxd5 19. Bxd5 Nxd5 20. Qxd5
Rc7 21. Rad1 Ne7 22. Qb3 Rc6 23. Nc4 Qc7 24. Ne3 Kh8 25. Rd2 h6 26. Qc2 Qd7
27. Qd3 Qc8 28. Nc2 Rb6 29. Ne3 Rc6 30. Red1 f5 31. exf5 Nxf5 32. Nxf5 Rxf5
33. Qh3 Qe6 34. g3 Rf6 35. Qxe6 Rxe6 36. Re1 Rf6 37. Re4 Kg8 38. Rb4 Rf7
39. Kf1 Re7 40. Ke2 Kf7 41. Ke3 Ke6 42. f4 exf4+ 43. Rxf4 Rc5 44. Re4+ Kd7
45. Rxe7+ Kxe7 46. Rd4 a5 47. Re4+ Kd7 48. Rg4 Re5+ 49. Kd3 g5 50. h4 Rf5
51. a4 b5 52. hxg5 h5 1/2-1/2

[Event "94th ch-GBR"]
[Site "Great Yarmouth ENG"]
[Date "2007.08.08"]
[Round "9"]
[White "Pert,N"]
[Black "Conquest,S"]
[Result "1/2-1/2"]
[WhiteElo "2536"]
[BlackElo "2546"]
[EventDate "2007.07.30"]

1. d4 Nf6 2. Nf3 e6 3. c4 Bb4+ 4. Bd2 c5 5. Bxb4 cxb4 6. g3 O-O 7. Bg2 d6
8. O-O Re8 9. a3 Nc6 10. d5 exd5 11. cxd5 Ne7 12. axb4 Nexd5 13. b5 Bd7 14.
Nc3 Nxc3 15. bxc3 Bxb5 16. Nd4 Ba6 17. Rxa6 bxa6 18. Bxa8 Qxa8 19. Qd3 Ne4
20. Qxa6 g6 21. Rc1 Rc8 22. g4 d5 23. Nb3 1/2-1/2

[Event "94th ch-GBR"]
[Site "Great Yarmouth ENG"]
[Date "2007.08.08"]
[Round "9"]
[White "Hebden,M"]
[Black "Flear,G"]
[Result "1/2-1/2"]
[WhiteElo "2540"]
[BlackElo "2479"]
[EventDate "2007.07.30"]

1. d4 d5 2. c4 e6 3. Nf3 Nf6 4. Bg5 dxc4 5. Qa4+ c6 6. Qxc4 b5 7. Qc2 Bb7
8. Bxf6 Qxf6 9. e4 Nd7 10. Nbd2 e5 11. a4 Bb4 12. axb5 exd4 13. bxc6 Qxc6
14. Qxc6 Bxc6 15. Bc4 O-O 16. O-O Nc5 17. Nxd4 Bb7 18. N4f3 Nxe4 19. Nxe4
Bxe4 20. Ng5 Bg6 21. f4 Bf5 22. h3 Rad8 23. Rad1 Bd2 24. Kh1 Bc2 25. Ra1 h6
26. Nxf7 Rxf7 27. Rxa7 Bg6 28. f5 Bh5 29. g4 Kf8 30. Ra4 Rb7 31. gxh5 Rxb2
32. f6 Be3 33. f7 Rb7 34. Rfa1 Rxf7 35. Ra8 Bg5 36. Rxd8+ Bxd8 37. Bxf7
Kxf7 38. Ra6 Bf6 39. Kg2 Kg8 40. Kf3 Kh7 41. Ke4 1/2-1/2

[Event "94th ch-GBR"]
[Site "Great Yarmouth ENG"]
[Date "2007.08.08"]
[Round "9"]
[White "Williams,Si1"]
[Black "Kosten,A"]
[Result "1/2-1/2"]
[WhiteElo "2480"]
[BlackElo "2508"]
[EventDate "2007.07.30"]

1. e4 e5 2. Nf3 Nc6 3. Bb5 a6 4. Ba4 Nf6 5. d3 d6 6. c3 g6 7. O-O Bg7 8.
Nbd2 O-O 9. Re1 Nh5 10. Nf1 b5 11. Bb3 Na5 12. Bc2 c5 13. a3 c4 14. a4 Bb7
15. axb5 axb5 16. dxc4 bxc4 17. Ra4 Qc7 18. Ng3 Nxg3 19. hxg3 Bc6 20. Rb4
Rfb8 21. Be3 Bd7 22. Re2 Bf8 23. Rd2 Bb5 24. Rd5 Bc6 25. Rd2 Rxb4 26. cxb4
Nb3 27. Bxb3 cxb3 28. Qxb3 Bxe4 29. Ng5 Ra1+ 30. Kh2 Ba8 31. b5 Qb7 32. f4
h6 33. Nf3 Rf1 34. Rf2 Rxf2 35. Bxf2 Bg7 36. b6 g5 37. Qc4 e4 38. Ne1 gxf4
39. gxf4 Bxb2 40. Nc2 Bf6 41. Bd4 Bxd4 42. Qxd4 Qe7 43. Kg3 Qe6 44. Ne3
Qg6+ 45. Kf2 d5 46. Qe5 Kh7 47. Qd4 Bb7 48. g4 h5 49. g5 Qe6 50. Kg3 Kg8
51. Kh4 Bc8 52. f5 Qd6 53. Kxh5 Qg3 54. g6 fxg6+ 55. fxg6 Qh3+ 56. Kg5 Qg3+
57. Kh5 Qh3+ 58. Kg5 Qg3+ 59. Kh5 Qh3+ 60. Kg5 Qg3+ 1/2-1/2